| 000 | 03186nam0a22004691 4500 | ||
|---|---|---|---|
| 001 | RU\NLR\UK\1363 | ||
| 005 | 20260408064820.0 | ||
| 035 | _a(NLR Aleph) 009799160 | ||
| 090 |
_a10167680 _c10167680 |
||
| 100 | _a20260120 rusy50 | ||
| 101 | 0 | _arus | |
| 102 | _aRU | ||
| 135 | _acrbn 001aaaba | ||
| 200 | 1 |
_aУказ ея императорскаго величества самодержицы всероссийской, _e[О дозволении строенные помещиками на Васильевском острову домы продавать и покупать; и о строении таковых вновь по плану] _eИз Правительствующаго Сената, объявляется во всенародное известие. |
|
| 210 |
_aПечатан в Санктпетербурге _cПри Сенате _d9 апр. 1759 |
||
| 215 |
_a[1] л. _d2° |
||
| 300 | _aУказ Елизаветы Петровны, объявленный из Сената 2 апр. 1759 г. | ||
| 304 | _aТекст начинается словами: Ея императорское величество, состоящие на Васильевском острову с душ строенные домы... | ||
| 304 | _aНазв. указа дано по ПСЗ. | ||
| 304 | _aСлева от М.П.: Подлинной по высочайшей ея императорскаго величества конфирмции апреля 2 дня 1759 года подписан Правительствующим Сенатом. | ||
| 306 | _aВых. дан. указаны справа от М.П. | ||
| 321 | 1 | _aПСЗ. Т.15. 10939 | |
| 325 | _aКопия доступна в Электрон. б-ке РНБ http://vivaldi.nlr.ru/lk000002307/view | ||
| 517 | 1 | _aЕя императорское величество, состоящие на Васильевском острову с душ строенные домы | |
| 517 | 1 | _aО дозволении строенные помещиками на Васильевском острову домы продавать и покупать; и о строении таковых вновь по плану | |
| 620 | _dСанкт-Петербург | ||
| 702 | 0 |
_4720 _7ca _8rus _aЕлизавета Петровна _cимператрица российская _f1709-1762 _9118551 _3RU\NLR\AUTH\778655 |
|
| 710 | 0 | 1 |
_aРоссия _bИмператрица _c1741-1762; Елизавета Петровна _9584915 _3RU\NLR\AUTH\8810042736 |
| 712 | 0 | 2 |
_aСенатская типография _cСанкт-Петербург _4610 |
| 801 | 0 |
_aRU _bNLR _c20030129 |
|
| 852 |
_aNLR _j18.14.1.35-4/139 |
||
| 856 | 0 | _uhttp://vivaldi.nlr.ru/lk000002307/view | |
| 856 | 1 | _uhttp://vivaldi.nlr.ru/lk000002307/cover | |
| 856 | 2 | _uhttp://vivaldi.nlr.ru/lk000002307/text | |
| 942 | _cBOOK | ||
| 980 | _aNB | ||
| 980 | _aA1XVIIIv | ||
| 980 | _aA1UKAZ | ||
| 981 | 3 | 6 | _a(36) Цифровой репозиторий РНБ |
| 981 | 1 | 6 | _a(16) Законодательные акты Российской империи |